| 000 | 00390nam a2200157Ia 4500 | ||
|---|---|---|---|
| 005 | 20250508155913.0 | ||
| 008 | 008 250505s9999 xx 000 0 eng d | ||
| 037 | _aPeriodicals | ||
| 040 |
_aFEDL _beng _cFEDL |
||
| 041 |
_aeng _2eng |
||
| 084 | _qFEDL | ||
| 245 | 0 | _aSchool arts the art education magazine. Vol 60,66 | |
| 490 | _vVol 60 | ||
| 942 | _cCR | ||
| 999 |
_c1359971 _d1359971 |
||